[Event "Wch Blitz (Women)"]
[Site "Samarkand"]
[Date "2023.12.30"]
[Round "10"]
[White "Yakubbaeva, Nilufar"]
[Black "Hamrakulova, Yulduz"]
[Result "1-0"]
[WhiteElo "2307"]
[BlackElo "1908"]
[PlyCount "105"]
[EventDate "2023.12.29"]
[EventType "swiss (blitz)"]
[EventRounds "17"]
[EventCountry "UZB"]
[SourceTitle "CB01_2024"]
[SourceDate "2024.01.03"]
[SourceVersion "1"]
[SourceVersionDate "2024.01.03"]
[SourceQuality "1"]

1. e4 c6 2. d4 d5 3. Nd2 dxe4 4. Nxe4 Nd7 5. Nf3 Ngf6 6. Nxf6+ Nxf6 7. Bd3 Bg4 8. c3 e6 9. 0-0 Be7 10. Bg5 h6 11. Bh4 0-0 12. h3 Bxf3 13. Qxf3 Qd5 14. Qe2 c5 15. dxc5 Qxc5 16. Bxf6 Bxf6 17. Qe4 g6 18. Qxb7 Rab8 19. Qf3 Bg7 20. Rab1 Rfd8 21. Rfe1 e5 22. Bc2 f5 23. Bb3+ Kh7 24. Red1 e4 25. Qe2 a5 26. Rxd8 Rxd8 27. Rd1 Rxd1+ 28. Qxd1 f4 29. Qd8 h5 30. Qd5 Qxd5 31. Bxd5 e3 32. fxe3 fxe3 33. Kf1 Bh6 34. Ke2 Kg7 35. h4 Bf4 36. b4 axb4 37. cxb4 g5 38. hxg5 Bxg5 39. a4 Kf6 40. b5 Ke5 41. Bf3 Kd6 42. Bxh5 Kc5 43. Be8 Kb6 44. Bg6 Ka5 45. Bd3 Kxa4 46. Kf3 Ka5 47. Ke4 Kb6 48. Kf5 Bh4 49. g4 Kc5 50. g5 Kd4 51. Be2 Kc3 52. g6 Kd2 53. Bh5 1-0

[Event "Wch Blitz (Women)"]
[Site "Samarkand"]
[Date "2023.12.30"]
[Round "14"]
[White "Yan, Tianqi"]
[Black "Hamrakulova, Yulduz"]
[Result "1-0"]
[WhiteElo "2302"]
[BlackElo "1908"]
[PlyCount "47"]
[EventDate "2023.12.29"]
[EventType "swiss (blitz)"]
[EventRounds "17"]
[EventCountry "UZB"]
[SourceTitle "CB01_2024"]
[SourceDate "2024.01.03"]
[SourceVersion "1"]
[SourceVersionDate "2024.01.03"]
[SourceQuality "1"]

1. e4 e5 2. Nf3 Nf6 3. d4 Nxe4 4. Bd3 d5 5. Nxe5 Nd7 6. Nxd7 Bxd7 7. 0-0 Bd6 8. c4 c6 9. cxd5 cxd5 10. Nc3 Nxc3 11. bxc3 0-0 12. Qh5 g6 13. Qxd5 Qc7 14. g3 Be6 15. Qf3 Qxc3 16. Rb1 b6 17. Bb2 Qa5 18. d5 Bf5 19. Bxf5 gxf5 20. Qxf5 f6 21. Qe6+ Kg7 22. Qxd6 Rf7 23. Qe6 Rd8 24. Bxf6+ 1-0

[Event "Wch Rapid (Women)"]
[Site "Samarkand"]
[Date "2023.12.27"]
[Round "6"]
[White "Bivol, Alina"]
[Black "Hamrakulova, Yulduz"]
[Result "1-0"]
[WhiteElo "2359"]
[BlackElo "1908"]
[PlyCount "119"]
[EventDate "2023.12.26"]
[EventType "swiss (rapid)"]
[EventRounds "11"]
[EventCountry "UZB"]
[SourceTitle "CB01_2024"]
[SourceDate "2024.01.03"]
[SourceVersion "1"]
[SourceVersionDate "2024.01.03"]
[SourceQuality "1"]

1. e4 c6 2. Nf3 d5 3. Nc3 Nf6 4. e5 Ne4 5. Ne2 Bf5 6. d3 Nc5 7. d4 Ncd7 8. Ng3 Bg6 9. e6 fxe6 10. Bd3 Bxd3 11. Qxd3 c5 12. 0-0 Nc6 13. Ng5 Qb6 14. Nxe6 Nxd4 15. Nf4 e5 16. Nxd5 Qc6 17. Ne3 0-0-0 18. c3 Ne6 19. Qe4 Qxe4 20. Nxe4 Nf6 21. Nxf6 gxf6 22. Nf5 h5 23. g3 Bd6 24. Be3 Bc7 25. h4 Rh7 26. Rac1 Rhd7 27. b4 Bb6 28. Kg2 Kb8 29. a4 cxb4 30. Bxb6 axb6 31. cxb4 Nd4 32. Ne3 Ka7 33. a5 bxa5 34. bxa5 Nb3 35. Rc3 Nxa5 36. Ra1 b6 37. Rc6 Rd6 38. Rc7+ Kb8 39. Rh7 Rd2 40. Rb1 R8d6 41. Rxh5 Ka7 42. Rf5 Rc6 43. h5 Rd8 44. h6 Re6 45. Ng4 Rh8 46. Rh1 Nc6 47. Rxf6 Rxf6 48. Nxf6 Nd4 49. h7 b5 50. g4 Ne6 51. Re1 Nf4+ 52. Kg3 Ng6 53. g5 b4 54. Kg4 Rb8 55. Kf5 Nh4+ 56. Ke6 Ng6 57. Kf7 Nh8+ 58. Kg7 b3 59. Ng8 b2 60. Kxh8 1-0

[Event "Wch Rapid (Women)"]
[Site "Samarkand"]
[Date "2023.12.27"]
[Round "8"]
[White "Lesbekova, Asel"]
[Black "Hamrakulova, Yulduz"]
[Result "1-0"]
[WhiteElo "1805"]
[BlackElo "1908"]
[PlyCount "98"]
[EventDate "2023.12.26"]
[EventType "swiss (rapid)"]
[EventRounds "11"]
[EventCountry "UZB"]
[SourceTitle "CB01_2024"]
[SourceDate "2024.01.03"]
[SourceVersion "1"]
[SourceVersionDate "2024.01.03"]
[SourceQuality "1"]

1. e4 c6 2. d4 d5 3. e5 Bf5 4. Nd2 e6 5. Nb3 Nd7 6. Nf3 a6 7. Be3 Ne7 8. Rc1 Bg6 9. Bd3 Nf5 10. Bg5 Be7 11. Bxe7 Qxe7 12. h4 h5 13. Qd2 Rc8 14. c4 dxc4 15. Rxc4 0-0 16. Qg5 Qxg5 17. hxg5 Ne3 18. fxe3 Bxd3 19. Rc3 Bg6 20. Ke2 Rfd8 21. Nfd2 Rc7 22. Nc4 f6 23. gxf6 gxf6 24. exf6 Nxf6 25. Ne5 Kh7 26. Nc5 Re8 27. g4 b6 28. Nxa6 Ra7 29. Nb4 Ne4 30. Nexc6 Nxc3+ 31. bxc3 Rc7 32. Kd2 Rec8 33. Ne5 Rxc3 34. gxh5 Bf5 35. Rh4 Bb1 36. Rf4 Bxa2 37. Nxa2 Rc2+ 38. Kd3 Rxa2 39. Rf6 Rc7 40. Rxe6 Rb7 41. Nc6 b5 42. Nb4 Rh2 43. Re5 Kh6 44. d5 Rxh5 45. Rxh5+ Kxh5 46. Kd4 Kg5 47. d6 Kf6 48. Kd5 Rh7 49. e4 Rh5+ 1-0

[Event "UZB-ch (Women)"]
[Site "Tashkent"]
[Date "2019.05.10"]
[Round "7"]
[White "Khusainova, Ozoda"]
[Black "Hamrakulova, Yulduz"]
[Result "1/2-1/2"]
[WhiteElo "1674"]
[BlackElo "2009"]
[PlyCount "122"]
[EventDate "2019.05.04"]
[EventType "tourn"]
[EventRounds "9"]
[EventCountry "UZB"]
[SourceTitle "CBM 190 Extra"]
[Source "ChessBase"]
[SourceDate "2019.07.15"]
[SourceVersion "1"]
[SourceVersionDate "2019.07.15"]
[SourceQuality "1"]

1. d4 Nf6 2. c4 e6 3. Nf3 d5 4. cxd5 exd5 5. Bg5 Nbd7 6. Nc3 Bb4 7. e3 c5 8. Nd2 Bxc3 9. bxc3 0-0 10. Be2 Re8 11. 0-0 h6 12. Bh4 b6 13. Bf3 g5 14. Bg3 Ba6 15. Be2 Bxe2 16. Qxe2 Qe7 17. Rae1 Rac8 18. Rc1 Rc6 19. Qa6 Nf8 20. dxc5 Rxc5 21. Nb3 Rc4 22. Nd4 Ne4 23. Ne2 Ne6 24. Rfd1 Rc5 25. Qd3 Qf6 26. f3 Nxg3 27. Nxg3 Rec8 28. Qf5 Qxf5 29. Nxf5 Kh7 30. Ne7 Rd8 31. Rd3 d4 32. exd4 Rxd4 33. Rcd1 Rxd3 34. Rxd3 Nf4 35. Re3 Rxc3 36. Rxc3 Ne2+ 37. Kf2 Nxc3 38. Nc8 Nxa2 39. Nxa7 Nc3 40. Ke3 Kg6 41. Kd4 Na4 42. Nc6 f5 43. Ne7+ Kf6 44. Ng8+ Kg7 45. Ne7 f4 46. g3 fxg3 47. hxg3 Kf6 48. Nd5+ Kg6 49. Ne7+ Kf7 50. Nd5 h5 51. Ke5 Kg6 52. Ne7+ Kf7 53. Nd5 Kg6 54. Ne7+ Kf7 55. Nd5 h4 56. gxh4 gxh4 57. Kf4 Ke6 58. Nxb6 Nxb6 59. Kg4 Ke5 60. Kxh4 Kf4 61. Kh5 Nd7 1/2-1/2

[Event "UZB-ch (Women)"]
[Site "Tashkent"]
[Date "2019.05.06"]
[Round "3"]
[White "Kurbonboeva, Sarvinoz"]
[Black "Hamrakulova, Yulduz"]
[Result "1-0"]
[WhiteElo "2297"]
[BlackElo "2009"]
[PlyCount "117"]
[EventDate "2019.05.04"]
[EventType "tourn"]
[EventRounds "9"]
[EventCountry "UZB"]
[SourceTitle "CBM 190 Extra"]
[Source "ChessBase"]
[SourceDate "2019.07.15"]
[SourceVersion "1"]
[SourceVersionDate "2019.07.15"]
[SourceQuality "1"]

1. d4 Nf6 2. c4 e6 3. g3 d5 4. Nf3 Bb4+ 5. Bd2 Be7 6. Bg2 0-0 7. 0-0 c6 8. Qc2 Nbd7 9. Rd1 Ne4 10. Nc3 f5 11. Bc1 Bd6 12. Rb1 a5 13. Bf4 Be7 14. a3 g5 15. Bc1 Bf6 16. b4 axb4 17. axb4 g4 18. Ne1 Nxc3 19. Qxc3 dxc4 20. Qxc4 Nb6 21. Qd3 Nd5 22. Nc2 Bd7 23. Re1 Kh8 24. e4 fxe4 25. Bxe4 Rf7 26. Ne3 Qg8 27. Nc4 Qf8 28. Bd2 Ra6 29. Re2 b5 30. Ne5 Bxe5 31. dxe5 Ra4 32. Qd4 Qg7 33. Bc2 Ra8 34. Re4 h5 35. h3 Rg8 36. Bd1 Qh7 37. Ra1 h4 38. Bxg4 hxg3 39. fxg3 Qg6 40. Be1 Rh7 41. Re2 Qg5 42. Bd2 Qg6 43. Qe4 Qxe4 44. Rxe4 Rf8 45. h4 Rhf7 46. Bh6 Rg8 47. Bg5 Kh7 48. Bd1 Nc3 49. Rd4 Nxd1 50. Raxd1 Be8 51. Rd6 Rg6 52. Rd8 Rg8 53. R1d6 Rgf8 54. Bf6 Kg6 55. Rxe6 Bd7 56. Rxf8 Bxe6 57. Re8 Bd7 58. Rd8 Be6 59. Rd6 1-0

[Event "UZB-ch (Women)"]
[Site "Tashkent"]
[Date "2017.06.02"]
[Round "6"]
[White "Nadirjanova, Nodira"]
[Black "Hamrakulova, Yulduz"]
[Result "1-0"]
[WhiteElo "2114"]
[BlackElo "2106"]
[PlyCount "32"]
[EventDate "2017.05.28"]
[EventType "tourn"]
[EventRounds "9"]
[EventCountry "UZB"]
[SourceTitle "EXT 2018"]
[Source "ChessBase"]
[SourceDate "2017.10.13"]
[SourceVersion "1"]
[SourceVersionDate "2017.10.13"]
[SourceQuality "1"]

1. Nf3 Nf6 2. c4 g6 3. b3 Bg7 4. Bb2 0-0 5. g3 b6 6. Bg2 Bb7 7. 0-0 c5 8. d4 cxd4 9. Qxd4 d6 10. Qh4 Nbd7 11. Nc3 a6 12. Rfd1 h6 13. Qf4 Rc8 14. Ne1 Qc7 15. e4 Nc5 16. Rab1 e5 1-0

[Event "UZB-ch (Women)"]
[Site "Tashkent"]
[Date "2017.06.01"]
[Round "5"]
[White "Hamrakulova, Yulduz"]
[Black "Abdusattorova, Bakhora"]
[Result "1/2-1/2"]
[WhiteElo "2106"]
[BlackElo "2175"]
[PlyCount "81"]
[EventDate "2017.05.28"]
[EventType "tourn"]
[EventRounds "9"]
[EventCountry "UZB"]
[SourceTitle "EXT 2018"]
[Source "ChessBase"]
[SourceDate "2017.10.13"]
[SourceVersion "1"]
[SourceVersionDate "2017.10.13"]
[SourceQuality "1"]

1. d4 Nf6 2. Nf3 d5 3. c4 e6 4. g3 Bb4+ 5. Bd2 Bd6 6. Bg2 0-0 7. 0-0 Nbd7 8. c5 Be7 9. Nc3 Ne4 10. Nxe4 dxe4 11. Ne5 Nxe5 12. dxe5 Bxc5 13. Bxe4 Bd4 14. Qc2 Bxe5 15. Bxh7+ Kh8 16. Be4 f5 17. Bf3 Bd6 18. Rad1 Qe7 19. e4 f4 20. e5 Bxe5 21. Qg6 Qe8 22. Qg5 Bf6 23. Qxf4 Qf7 24. Bb4 e5 25. Qe3 Re8 26. b3 a5 27. Bc5 a4 28. Rfe1 c6 29. Be4 Bg4 30. Rd2 axb3 31. axb3 Qh5 32. Qc3 Rad8 33. Rxd8 Rxd8 34. b4 Bf5 35. Bf3 Qf7 36. Qe3 Rd3 37. Qe2 Qd7 38. Kg2 Qd8 39. g4 Bg6 40. g5 Bxg5 41. Qxe5 1/2-1/2

[Event "UZB-ch (Women)"]
[Site "Tashkent"]
[Date "2017.05.29"]
[Round "2"]
[White "Narzikulova, Gulhae"]
[Black "Hamrakulova, Yulduz"]
[Result "0-1"]
[WhiteElo "1904"]
[BlackElo "2106"]
[PlyCount "66"]
[EventDate "2017.05.28"]
[EventType "tourn"]
[EventRounds "9"]
[EventCountry "UZB"]
[SourceTitle "EXT 2018"]
[Source "ChessBase"]
[SourceDate "2017.10.13"]
[SourceVersion "1"]
[SourceVersionDate "2017.10.13"]
[SourceQuality "1"]

1. d4 Nf6 2. c4 e6 3. Nc3 Bb4 4. e3 0-0 5. Bd3 c5 6. Nf3 d5 7. a3 cxd4 8. exd4 Bxc3+ 9. bxc3 dxc4 10. Bxc4 Qc7 11. Qd3 Nbd7 12. Bg5 b6 13. Bh4 Bb7 14. Bg3 Qc8 15. 0-0 Rd8 16. Qe2 Qc6 17. Rfc1 Qe4 18. Qxe4 Nxe4 19. Bd3 Ndf6 20. Bh4 Rac8 21. Bxe4 Bxe4 22. Ne5 h6 23. f3 Bf5 24. g4 Bh7 25. g5 hxg5 26. Bxg5 Rd6 27. Bf4 Nd5 28. Nxf7 Rdc6 29. Ne5 Nxf4 30. Nxc6 Rxc6 31. Kf1 Nd3 32. Rc2 Nb4 33. Rd2 Nd5 0-1

[Event "UZB-ch (Women)"]
[Site "Tashkent"]
[Date "2014.04.03"]
[Round "11"]
[White "Hamrakulova, Yulduz"]
[Black "Kakhramonova, Mokhinur"]
[Result "0-1"]
[WhiteElo "2113"]
[BlackElo "1965"]
[PlyCount "92"]
[EventDate "2014.03.24"]
[EventType "tourn"]
[EventRounds "11"]
[EventCountry "UZB"]
[SourceTitle "CBM 159 Extra"]
[Source "ChessBase"]
[SourceDate "2014.04.24"]
[SourceVersion "1"]
[SourceVersionDate "2014.04.24"]
[SourceQuality "1"]

1. d4 f5 2. Nf3 Nf6 3. g3 g6 4. Bg2 Bg7 5. 0-0 0-0 6. b3 d6 7. Bb2 c6 8. c4 Qc7 9. Nbd2 Re8 10. Qc2 e5 11. dxe5 dxe5 12. c5 Na6 13. e3 e4 14. Nd4 Qa5 15. Rfc1 Nd5 16. a3 Qd8 17. b4 Nac7 18. Bf1 Be6 19. Nc4 Rb8 20. Nd6 Rf8 21. Nxe6 Nxe6 22. Bxg7 Kxg7 23. Qb2+ Qf6 24. Qxf6+ Kxf6 25. Nc4 Ng5 26. Be2 Nf7 27. Na5 Ne5 28. Rab1 a6 29. Nc4 Nf7 30. a4 Rfc8 31. Na3 Ne5 32. Rc2 b5 33. cxb6 Rxb6 34. b5 axb5 35. axb5 Rcb8 36. Rd1 Nb4 37. Rc5 cxb5 38. Bxb5 Nbd3 39. Bxd3 Nxd3 40. Rc2 Rb3 41. Ra2 Ra8 42. Rda1 Nb4 43. Rd2 Raxa3 44. Rxa3 Rxa3 45. Rd6+ Kg7 46. Rd2 Nd3 0-1

[Event "UZB-ch (Women)"]
[Site "Tashkent"]
[Date "2014.04.01"]
[Round "9"]
[White "Hamrakulova, Yulduz"]
[Black "Danierova, Rayhon"]
[Result "1/2-1/2"]
[WhiteElo "2113"]
[BlackElo "1937"]
[PlyCount "142"]
[EventDate "2014.03.24"]
[EventType "tourn"]
[EventRounds "11"]
[EventCountry "UZB"]
[SourceTitle "CBM 159 Extra"]
[Source "ChessBase"]
[SourceDate "2014.04.24"]
[SourceVersion "1"]
[SourceVersionDate "2014.04.24"]
[SourceQuality "1"]

1. Nf3 d6 2. d4 g6 3. g3 Bg7 4. Bg2 e5 5. dxe5 dxe5 6. Qxd8+ Kxd8 7. 0-0 c6 8. Nbd2 Kc7 9. c3 Ne7 10. e4 Nd7 11. b4 f6 12. Ne1 h5 13. Nd3 a5 14. a4 Rd8 15. Nb2 b6 16. Nb3 axb4 17. cxb4 Ba6 18. Re1 Bf8 19. Bd2 Rdb8 20. Rec1 Kd8 21. Rc2 Ke8 22. Bh3 Rd8 23. Rac1 Kf7 24. a5 bxa5 25. Nxa5 Nb8 26. Be3 Bb5 27. Bb6 Re8 28. Nb7 Nc8 29. Nd8+ Rxd8 30. Bxd8 Nd6 31. f3 Na6 32. Ba5 Nb7 33. Bf1 Bxf1 34. Kxf1 Nxa5 35. bxa5 Nb4 36. Rd2 Rxa5 37. Nd3 Nxd3 38. Rxd3 c5 39. Rb1 Ra7 40. Rdb3 Ra2 41. R1b2 Ra4 42. Rb7+ Ke6 43. R2b6+ Bd6 44. Rc7 Ra1+ 45. Ke2 Ra2+ 46. Kd3 Ra3+ 47. Kc2 Ra2+ 48. Kb3 Rxh2 49. Rxc5 Rd2 50. Kc3 Rd4 51. Rc4 Ke7 52. Rxd4 exd4+ 53. Kxd4 Bxg3 54. Kd5 g5 55. Rb7+ Kd8 56. Ke6 Be5 57. Rh7 h4 58. f4 gxf4 59. Rxh4 Kc7 60. Rh1 Kb6 61. Kd5 Kc7 62. Rh7+ Kd8 63. Ke6 Kc8 64. Rh1 Kd8 65. Rc1 Bb2 66. Rc4 Be5 67. Rc2 Ba1 68. Kf5 Be5 69. Ke6 Ba1 70. Rc1 Be5 71. Rc2 Ba1 1/2-1/2

[Event "UZB-ch (Women)"]
[Site "Tashkent"]
[Date "2014.03.26"]
[Round "3"]
[White "Hamrakulova, Yulduz"]
[Black "Kurbonboeva, Sarvinoz"]
[Result "1/2-1/2"]
[WhiteElo "2113"]
[BlackElo "2195"]
[PlyCount "39"]
[EventDate "2014.03.24"]
[EventType "tourn"]
[EventRounds "11"]
[EventCountry "UZB"]
[SourceTitle "CBM 159 Extra"]
[Source "ChessBase"]
[SourceDate "2014.04.24"]
[SourceVersion "1"]
[SourceVersionDate "2014.04.24"]
[SourceQuality "1"]

1. d4 Nf6 2. c4 c5 3. d5 g6 4. Nc3 Bg7 5. Nf3 d6 6. g3 0-0 7. Bg2 e5 8. 0-0 Ne8 9. Ne1 f5 10. e4 Nd7 11. Nd3 a6 12. a4 b6 13. Re1 Rb8 14. Rb1 Rb7 15. b4 cxb4 16. Nxb4 Nc5 17. Be3 Rff7 18. Nc6 Qc7 19. a5 bxa5 20. Ra1 1/2-1/2

[Event "UZB-ch (Women)"]
[Site "Tashkent"]
[Date "2014.03.25"]
[Round "2"]
[White "Ibragimova, Iroda"]
[Black "Hamrakulova, Yulduz"]
[Result "0-1"]
[WhiteElo "1953"]
[BlackElo "2113"]
[PlyCount "137"]
[EventDate "2014.03.24"]
[EventType "tourn"]
[EventRounds "11"]
[EventCountry "UZB"]
[SourceTitle "CBM 159 Extra"]
[Source "ChessBase"]
[SourceDate "2014.04.24"]
[SourceVersion "1"]
[SourceVersionDate "2014.04.24"]
[SourceQuality "1"]

1. e4 d5 2. exd5 Qxd5 3. Nc3 Qd6 4. d4 Nf6 5. Bc4 a6 6. Nf3 b5 7. Bb3 Bb7 8. Ne5 e6 9. Bf4 c5 10. Ng6 Qxd4 11. Qxd4 cxd4 12. Nxh8 dxc3 13. 0-0-0 Nbd7 14. f3 cxb2+ 15. Kxb2 Nc5 16. Rhe1 g6 17. Bd6 Nxb3 18. cxb3 Bg7 19. Nxf7 Kxf7 20. Be5 Bd5 21. Rc1 Ne8 22. Bxg7 Kxg7 23. Rc5 Kf7 24. Kc3 Ra7 25. Kb4 Nd6 26. Rec1 a5+ 27. Ka3 h5 28. Rc7+ Rxc7 29. Rxc7+ Kf6 30. Kb2 a4 31. Kc3 axb3 32. axb3 Nf5 33. g4 hxg4 34. fxg4 b4+ 35. Kxb4 Nd4 36. Rc3 Kg5 37. Rg3 Nxb3 38. Kc3 Kf4 39. Kd3 Nc5+ 40. Ke2 Ne4 41. Rg1 Bc4+ 42. Ke1 Ng5 43. Rg2 Bd5 44. Rb2 Kxg4 45. Kf1 Nf3 46. Rg2+ Kf5 47. Rf2 e5 48. Ke2 Kf4 49. Kf1 e4 50. Rb2 Bc4+ 51. Kg2 e3 52. Rb4 Ne5 53. Ra4 Ke4 54. h4 Kd3 55. Ra5 Kd4 56. Ra4 e2 57. Kf2 Ng4+ 58. Ke1 Ne3 59. Rxc4+ Nxc4 60. Kxe2 Ke4 61. h5 gxh5 62. Kf2 Kf4 63. Kg2 Kg4 64. Kh2 h4 65. Kg2 h3+ 66. Kh2 Ne5 67. Kh1 Kg3 68. Kg1 Ng4 69. Kh1 0-1

[Event "Tashkent zt 3.4 (Women)"]
[Site "Tashkent"]
[Date "2011.06.15"]
[Round "8"]
[White "Tokhirjanova, Hulkar"]
[Black "Hamrakulova, Yulduz"]
[Result "1/2-1/2"]
[WhiteElo "2106"]
[BlackElo "2201"]
[PlyCount "62"]
[EventDate "2011.06.08"]
[EventType "swiss"]
[EventRounds "9"]
[EventCountry "UZB"]
[SourceTitle "CBM 142 Extra"]
[Source "ChessBase"]
[SourceDate "2011.06.27"]
[SourceVersion "1"]
[SourceVersionDate "2011.06.27"]
[SourceQuality "1"]

1. e4 Nf6 2. e5 Nd5 3. d4 d6 4. Nf3 Bg4 5. h3 Bxf3 6. Qxf3 dxe5 7. dxe5 e6 8. Bd2 c6 9. Na3 Qc7 10. Qg3 f6 11. Nc4 b5 12. Ba5 Qf7 13. Ne3 Be7 14. c4 bxc4 15. Bxc4 0-0 16. 0-0 Nd7 17. Ng4 Kh8 18. exf6 gxf6 19. Rac1 Rg8 20. Bxd5 cxd5 21. Qc7 Bd8 22. Qc3 Bxa5 23. Qxa5 Qg6 24. g3 h5 25. Rc7 hxg4 26. Rxd7 gxh3 27. Qb4 Qe4 28. Qxe4 dxe4 29. Kh2 Rg7 30. Rfd1 Rb8 31. b3 Rb7 1/2-1/2

[Event "Tashkent zt 3.4 (Women)"]
[Site "Tashkent"]
[Date "2011.06.11"]
[Round "4"]
[White "Hamrakulova, Yulduz"]
[Black "Qurbonboeva, Sarvinoz"]
[Result "1/2-1/2"]
[WhiteElo "2201"]
[BlackElo "2073"]
[PlyCount "66"]
[EventDate "2011.06.08"]
[EventType "swiss"]
[EventRounds "9"]
[EventCountry "UZB"]
[SourceTitle "CBM 142 Extra"]
[Source "ChessBase"]
[SourceDate "2011.06.27"]
[SourceVersion "1"]
[SourceVersionDate "2011.06.27"]
[SourceQuality "1"]

1. d4 Nf6 2. c4 g6 3. Nc3 Bg7 4. e4 d6 5. Nf3 0-0 6. Be2 e5 7. 0-0 Nc6 8. d5 Ne7 9. b4 Nh5 10. Re1 f5 11. Ng5 Nf4 12. Bxf4 exf4 13. Rc1 a5 14. b5 fxe4 15. Ncxe4 Nf5 16. Bg4 Nd4 17. Bxc8 Rxc8 18. Nf3 Nxf3+ 19. Qxf3 Rf5 20. Re2 Qd7 21. Nd2 Re8 22. Rce1 Rxe2 23. Rxe2 Re5 24. Rxe5 Bxe5 25. Qe4 Qe7 26. Nf3 Kg7 27. g3 fxg3 28. hxg3 Bf6 29. Qd3 Kg8 30. Kg2 Kf7 31. Kf1 Ke8 32. Kg2 Kf7 33. Kf1 Ke8 1/2-1/2

[Event "Tashkent zt 3.4 (Women)"]
[Site "Tashkent"]
[Date "2011.06.10"]
[Round "3"]
[White "Davletbayeva, Madina"]
[Black "Hamrakulova, Yulduz"]
[Result "1-0"]
[WhiteElo "2234"]
[BlackElo "2201"]
[PlyCount "57"]
[EventDate "2011.06.08"]
[EventType "swiss"]
[EventRounds "9"]
[EventCountry "UZB"]
[SourceTitle "CBM 142 Extra"]
[Source "ChessBase"]
[SourceDate "2011.06.27"]
[SourceVersion "1"]
[SourceVersionDate "2011.06.27"]
[SourceQuality "1"]

1. e4 e5 2. Nf3 Nf6 3. Nxe5 d6 4. Nf3 Nxe4 5. Nc3 Nxc3 6. dxc3 Be7 7. Bf4 0-0 8. Qd2 Nd7 9. 0-0-0 Nc5 10. Nd4 Re8 11. f3 Ne6 12. Be3 Nxd4 13. cxd4 Bf6 14. Bf4 d5 15. g4 h6 16. Kb1 Bh4 17. Bd3 c6 18. Rdg1 g5 19. Bg3 Bxg3 20. hxg3 Qf6 21. Rh5 Kg7 22. Rgh1 Rh8 23. f4 Bxg4 24. fxg5 Qf3 25. gxh6+ Kf8 26. Qb4+ Ke8 27. Qxb7 Rd8 28. Re1+ Be6 29. Rxe6+ 1-0

[Event "UZB-ch (Women)"]
[Site "Tashkent"]
[Date "2011.05.22"]
[Round "2"]
[White "Hamrakulova, Yulduz"]
[Black "Qurbonboeva, Sarvinoz"]
[Result "0-1"]
[WhiteElo "2201"]
[BlackElo "2073"]
[PlyCount "69"]
[EventDate "2011.05.21"]
[EventType "tourn"]
[EventRounds "11"]
[EventCountry "UZB"]
[SourceTitle "CBM 142 Extra"]
[Source "ChessBase"]
[SourceDate "2011.06.27"]
[SourceVersion "1"]
[SourceVersionDate "2011.06.27"]
[SourceQuality "1"]

1. d4 Nf6 2. c4 g6 3. Nc3 Bg7 4. e4 d6 5. Nge2 0-0 6. Ng3 c5 7. d5 e6 8. Be2 exd5 9. exd5 Re8 10. 0-0 Nbd7 11. Bf4 Ne5 12. Qd2 Qe7 13. h3 a6 14. Rfe1 Qf8 15. Be3 b6 16. f4 Ned7 17. Bf3 Kh8 18. b3 Ng8 19. f5 b5 20. cxb5 axb5 21. Nxb5 Bxa1 22. Rxa1 Rb8 23. a4 Ne5 24. Be4 Bd7 25. Bd3 Nxd3 26. Qxd3 Qg7 27. Re1 Bxb5 28. axb5 f6 29. Ne4 Qd7 30. fxg6 hxg6 31. Nc3 Kg7 32. Rb1 Ne7 33. b4 Qf5 34. Qd2 c4 35. Ra1 0-1

[Event "Asia-ch (Women)"]
[Site "Mashhad"]
[Date "2011.05.08"]
[Round "7"]
[White "Swati, Ghate"]
[Black "Hamrakulova, Yulduz"]
[Result "1-0"]
[WhiteElo "2307"]
[BlackElo "2210"]
[PlyCount "63"]
[EventDate "2011.05.02"]
[EventType "swiss"]
[EventRounds "9"]
[EventCountry "IRI"]
[SourceTitle "CBM 142 Extra"]
[Source "ChessBase"]
[SourceDate "2011.06.27"]
[SourceVersion "1"]
[SourceVersionDate "2011.06.27"]
[SourceQuality "1"]

1. e4 e5 2. Nf3 Nc6 3. Bb5 a6 4. Ba4 Nf6 5. 0-0 b5 6. Bb3 Bc5 7. c3 d6 8. a4 Rb8 9. d4 Bb6 10. a5 Ba7 11. h3 0-0 12. Re1 h6 13. Be3 exd4 14. cxd4 d5 15. e5 Ne4 16. Nbd2 Bf5 17. Nf1 Be6 18. Ng3 Nxg3 19. fxg3 Ne7 20. g4 Kh7 21. Nh4 g6 22. Bc2 Ng8 23. g5 Qe7 24. b4 Qxb4 25. gxh6 Ne7 26. Rb1 Qxa5 27. Qf3 Rg8 28. Qf6 Rbe8 29. Nf3 Nf5 30. Ng5+ Kxh6 31. Nxe6+ Kh7 32. Ng5+ 1-0

[Event "Asia-ch (Women)"]
[Site "Mashhad"]
[Date "2011.05.06"]
[Round "5"]
[White "Ghader Pour, Shayesteh"]
[Black "Hamrakulova, Yulduz"]
[Result "1/2-1/2"]
[WhiteElo "2241"]
[BlackElo "2210"]
[PlyCount "71"]
[EventDate "2011.05.02"]
[EventType "swiss"]
[EventRounds "9"]
[EventCountry "IRI"]
[SourceTitle "CBM 142 Extra"]
[Source "ChessBase"]
[SourceDate "2011.06.27"]
[SourceVersion "1"]
[SourceVersionDate "2011.06.27"]
[SourceQuality "1"]

1. e4 e5 2. Nf3 Nf6 3. Nxe5 d6 4. Nf3 Nxe4 5. d4 d5 6. Bd3 Nc6 7. 0-0 Be7 8. c4 Nb4 9. Be2 0-0 10. Nc3 Bf5 11. a3 Nxc3 12. bxc3 Nc6 13. Re1 Re8 14. h3 h6 15. Be3 Na5 16. Nd2 c6 17. cxd5 cxd5 18. c4 dxc4 19. Nxc4 Bf6 20. Qa4 Nxc4 21. Bxc4 a6 22. Qb3 Qd7 23. a4 Be4 24. Rac1 Rad8 25. a5 Bd5 26. Red1 Bxc4 27. Rxc4 Qd5 28. Rb4 Qxa5 29. Rxb7 Qd5 30. Qxd5 Rxd5 31. Rb4 Rc8 32. Kf1 Rc2 33. Ra1 a5 34. Rba4 Kf8 35. R1a2 Rxa2 36. Rxa2 1/2-1/2

[Event "Asia-ch (Women)"]
[Site "Mashhad"]
[Date "2011.05.05"]
[Round "4"]
[White "Hamrakulova, Yulduz"]
[Black "Pourkashiyan, Atousa"]
[Result "1/2-1/2"]
[WhiteElo "2210"]
[BlackElo "2371"]
[PlyCount "62"]
[EventDate "2011.05.02"]
[EventType "swiss"]
[EventRounds "9"]
[EventCountry "IRI"]
[SourceTitle "CBM 142 Extra"]
[Source "ChessBase"]
[SourceDate "2011.06.27"]
[SourceVersion "1"]
[SourceVersionDate "2011.06.27"]
[SourceQuality "1"]

1. d4 Nf6 2. c4 e6 3. Nc3 Bb4 4. e3 0-0 5. Bd3 d5 6. Nge2 c6 7. 0-0 Nbd7 8. cxd5 exd5 9. f3 c5 10. a3 Ba5 11. dxc5 Nxc5 12. Bc2 Bb6 13. Nf4 Be6 14. b4 Na6 15. Bb3 Nc7 16. Na4 Qd6 17. Re1 a5 18. Nxb6 Qxb6 19. Bd2 axb4 20. Bxb4 Rfc8 21. Qd4 Qxd4 22. exd4 g5 23. Nxe6 fxe6 24. a4 Kf7 25. h4 h6 26. Bd2 Rg8 27. hxg5 hxg5 28. g4 Nd7 29. Rac1 Na6 30. a5 Kf6 31. Ba4 Rg7 1/2-1/2